| 000 | 00417nam a2200169Ia 4500 | ||
|---|---|---|---|
| 003 | OSt | ||
| 005 | 20250930153846.0 | ||
| 008 | 230104s9999||||xx |||||||||||||| ||und|| | ||
| 020 | _a9966-22-180-8 | ||
| 040 | _cChuka University Library | ||
| 050 |
_aPL 8704 _b.M58 B23 |
||
| 100 |
_aMohammed, Said A. _93427 |
||
| 245 | 0 | _aBabu alipofufuka/ | |
| 260 |
_aNairobi _bJKF _c2001 |
||
| 300 | _a194p. | ||
| 942 |
_cBK _2lcc _03 |
||
| 999 |
_c5291 _d5291 |
||